Desarrollo de la fuerza de trabajo en Costa Rica: proyecto de investigación

Gespeichert in:
Bibliographische Detailangaben
1. Verfasser: Churnside Harrison, Róger
Format: Text
Veröffentlicht: San Pedro :
Tags: Tag hinzufügen
Keine Tags, Fügen Sie den ersten Tag hinzu!

MARC

LEADER 00000 a a2200000 04500
001 16311
003
040
090 |a 012900  
100 |a Churnside Harrison, Róger  
245 |a Desarrollo de la fuerza de trabajo en Costa Rica: proyecto de investigación  
260 |a San Pedro :  
300 |a 32 p.  
999 |c 1042  |d 1042